000 00584nam a2200205Ia 4500
003 GCL
008 140319s9999 xx 000 0 ara d
040 _aGCL /
_cGCL
082 0 4 _a814.008
_bا ق
100 1 _aانيس منصور
245 1 0 _aالقوى الخفية /
_cانيس منصور
250 _aالسابعة
260 _aالقاهرة :
_bالمكتب المصرى الحديث ،
_c1988
300 _a233 ص ؛
_c22 سم
490 _a
650 0 4 _aالادب العربى
650 0 4 _aالقصص القصيرة
650 0 4 _aالقصص
942 _2ddc
_cBK
999 _c53082
_d53082